000
00291nam a2200133Ia 4500
005
20251222140059.0
008
251222s1900||||xx |||||||||||||| ||spa||
082
_a
160/R31L
100
_a
Rea Ravello, Bernardo
245
0
_a
Lógica
250
_a
1ra. ed
264
_b
USMP
942
_c
LIB
999
_c
3883
_d
3883